Research methodology : (Record no. 18433)
[ view plain ]
| 000 -LEADER | |
|---|---|
| fixed length control field | 01106nam a22003255i 4500 |
| 001 - CONTROL NUMBER | |
| control field | 17776327 |
| 003 - CONTROL NUMBER IDENTIFIER | |
| control field | EG-ScBUE |
| 005 - DATE AND TIME OF LATEST TRANSACTION | |
| control field | 20191219111821.0 |
| 008 - FIXED-LENGTH DATA ELEMENTS--GENERAL INFORMATION | |
| fixed length control field | 130613s2014 enka f bd 001 0 eng d |
| 020 ## - INTERNATIONAL STANDARD BOOK NUMBER | |
| International Standard Book Number | 9781446269961 (hardback) |
| 020 ## - INTERNATIONAL STANDARD BOOK NUMBER | |
| International Standard Book Number | 9781446269978 (pbk.) |
| 040 ## - CATALOGING SOURCE | |
| Original cataloging agency | DLC |
| Language of cataloging | eng |
| Description conventions | rda |
| Transcribing agency | DLC |
| Modifying agency | EG-ScBUE |
| 082 04 - DEWEY DECIMAL CLASSIFICATION NUMBER | |
| Classification number | 001.42 |
| Item number | KUM |
| Edition number | 22 |
| 100 1# - MAIN ENTRY--PERSONAL NAME | |
| Personal name | Kumar, Ranjit, |
| Relator term | author. |
| 9 (RLIN) | 36152 |
| 245 10 - TITLE STATEMENT | |
| Title | Research methodology : |
| Remainder of title | a step-by-step guide for beginners / |
| Statement of responsibility, etc | Ranjit Kumar. |
| 246 3# - VARYING FORM OF TITLE | |
| Title proper/short title | Research methodology : |
| Remainder of title | a step by step guide for beginners |
| 250 ## - EDITION STATEMENT | |
| Edition statement | Fourth edition. |
| 264 #1 - PUBLICATION, DISTRIBUTION, ETC. (IMPRINT) | |
| Place of publication, distribution, etc | London : |
| Name of publisher, distributor, etc | Sage Publication Ltd., |
| Date of publication, distribution, etc | 2014. |
| 300 ## - PHYSICAL DESCRIPTION | |
| Extent | xxvii, 399 pages : |
| Other physical details | illustrations ; |
| Dimensions | 23 cm |
| 336 ## - CONTENT TYPE | |
| Content type term | text |
| Content type code | txt |
| Source | rdacontent |
| 337 ## - MEDIA TYPE | |
| Media type term | unmediated |
| Media type code | n |
| Source | rdamedia |
| 338 ## - CARRIER TYPE | |
| Carrier type term | volume |
| Carrier type code | nc |
| Source | rdacarrier |
| 500 ## - GENERAL NOTE | |
| General note | Includes glossary. |
| 504 ## - BIBLIOGRAPHY, ETC. NOTE | |
| Bibliography, etc | Includes bibliographical references and index. |
| 650 #7 - SUBJECT ADDED ENTRY--TOPICAL TERM | |
| Topical term or geographic name as entry element | Research |
| General subdivision | Methodology |
| Source of heading or term | BUEsh |
| 9 (RLIN) | 27690 |
| 650 #7 - SUBJECT ADDED ENTRY--TOPICAL TERM | |
| Topical term or geographic name as entry element | Social sciences |
| General subdivision | Research |
| -- | Methodology. |
| Source of heading or term | BUEsh |
| 651 ## - SUBJECT ADDED ENTRY--GEOGRAPHIC NAME | |
| Source of heading or term | BUEsh |
| 653 ## - INDEX TERM--UNCONTROLLED | |
| Resource For college | Pharmacy |
| Arrived date list | October2014 |
| 942 ## - ADDED ENTRY ELEMENTS (KOHA) | |
| Source of classification or shelving scheme | Dewey Decimal Classification |
| Koha item type | Book - Borrowing |
| Withdrawn status | Lost status | Source of classification or shelving scheme | Damaged status | Not for loan | Collection code | Home library | Current library | Shelving location | Date acquired | Source of acquisition | Cost, normal purchase price | Total Checkouts | Full call number | Barcode | Date last seen | Cost, replacement price | Koha item type | Total Renewals | Date checked out | Checked out |
|---|---|---|---|---|---|---|---|---|---|---|---|---|---|---|---|---|---|---|---|---|
| Dewey Decimal Classification | Baccah | Central Library | Central Library | Lower Floor | 02/10/2014 | Purchase | 220.00 | 001.42 KUM | 000036489 | 15/07/2025 | 275.00 | NB - Book (Non borrowing) | ||||||||
| Dewey Decimal Classification | Baccah | Central Library | Central Library | Lower Floor | 02/10/2014 | 220.00 | 10 | 001.42 KUM | 000036490 | 15/07/2025 | 275.00 | Book - Borrowing | 42 | 25/10/2018 | ||||||
| Dewey Decimal Classification | Baccah | Central Library | Central Library | Lower Floor | 02/10/2014 | 220.00 | 8 | 001.42 KUM | 000036491 | 25/05/2024 | 275.00 | Book - Borrowing | 28 | 25/05/2024 | 01/10/2024 | |||||
| Dewey Decimal Classification | Baccah | Central Library | Central Library | Lower Floor | 02/10/2014 | 220.00 | 6 | 001.42 KUM | 000036492 | 15/07/2025 | 275.00 | Book - Borrowing | 15 | 22/03/2023 | ||||||
| Dewey Decimal Classification | Baccah | Central Library | Central Library | Lower Floor | 02/10/2014 | 220.00 | 9 | 001.42 KUM | 000036493 | 15/07/2025 | 275.00 | Book - Borrowing | 33 | 02/10/2024 | ||||||
| Lost & Replaced | Dewey Decimal Classification | Baccah | Central Library | Central Library | Lower Floor | 02/10/2014 | Purchase | 220.00 | 8 | 001.42 KUM | 000036494 | 14/10/2019 | 275.00 | Book - Borrowing | 28 | 08/10/2018 | ||||
| Dewey Decimal Classification | Baccah | Central Library | Central Library | Lower Floor | 02/10/2014 | 220.00 | 7 | 001.42 KUM | 000036495 | 15/07/2025 | 275.00 | Book - Borrowing | 32 | 19/04/2025 | ||||||
| Dewey Decimal Classification | Baccah | Central Library | Central Library | Lower Floor | 02/10/2014 | 220.00 | 6 | 001.42 KUM | 000036496 | 15/07/2025 | 275.00 | Book - Borrowing | 15 | 21/10/2019 | ||||||
| Dewey Decimal Classification | Baccah | Central Library | Central Library | Lower Floor | 02/10/2014 | 220.00 | 5 | 001.42 KUM | 000036497 | 15/07/2025 | 275.00 | Book - Borrowing | 22 | 25/09/2019 | ||||||
| Dewey Decimal Classification | Baccah | Central Library | Central Library | Lower Floor | 02/10/2014 | 220.00 | 4 | 001.42 KUM | 000036498 | 15/07/2025 | 275.00 | Book - Borrowing | 48 | 01/04/2021 |